[Event "XIV American Continental-ch 2019"]
[Site "Sao Paulo"]
[Date "2019.07.12"]
[Round "10.14"]
[White "Coro, Lucas"]
[Black "Santiago, Yago De Moura"]
[Result "0-1"]
[WhiteElo "2312"]
[BlackElo "2473"]
[Annotator "ChessBase"]
[PlyCount "72"]
[EventDate "2019.07.05"]
[EventType "swiss"]
[EventCountry "BRA"]
[SourceTitle "playchess.com"]
[Source "ChessBase"]
[SourceQuality "1"]
[TimeControl "40/5400+30:1800+30"]

1. e4 {[%emt 0:00:00]} e6 {[%emt 0:00:31]} 2. d4 {[%emt 0:00:09]} d5 {[%emt 0:00:09]} 3. Nd2 {[%emt 0:00:08]} a6 {[%emt 0:00:14]} 4. Ngf3 {[%emt 0:00:39]} Nf6 {[%emt 0:00:13]} 5. e5 {[%emt 0:01:35]} Nfd7 {[%emt 0:00:08]} 6. Bd3 {[%emt 0:01:21]} c5 {[%emt 0:00:18]} 7. c3 {[%emt 0:00:07]} Nc6 {[%emt 0:00:04]} 8. O-O {[%emt 0:04:02]} g5 {[%emt 0:01:36]} 9. dxc5 {[%emt 0:10:17]} Nxc5 {[%emt 0:00:36]} 10. Be2 {[%emt 0:00:49]} g4 {[%emt 0:07:00]} 11. Nd4 {[%emt 0:00:47]} Nxe5 {[%emt 0:00:11]} 12. Bxg4 {[%emt 0:00:23]} Bd6 {[%emt 0:04:29]} 13. f4 {[%emt 0:22:05]} Nxg4 {[%emt 0:00:32]} 14. Qxg4 {[%emt 0:00:10]} Qf6 {[%emt 0:00:09]} 15. N2b3 {[%emt 0:08:05]} Ne4 {[%emt 0:05:56]} 16. Be3 {[%emt 0:01:36]} Bd7 {[%emt 0:02:21]} 17. Rac1 {[%emt 0:02:37]} a5 {[%emt 0:10:19]} 18. Ne2 {[%emt 0:05:10]} Qg6 {[%emt 0:01:03]} 19. Qf3 {[%emt 0:01:11]} Rg8 {[%emt 0:05:07]} 20. f5 {[%emt 0:09:10]} Qg4 {[%emt 0:02:43]} 21. fxe6 {[%emt 0:07:47]} fxe6 {[%emt 0:00:18]} 22. c4 {[%emt 0:00:18]} Qxf3 {[%emt 0:01:17]} 23. Rxf3 {[%emt 0:00:07]} dxc4 {[%emt 0:00:18]} 24. Rxc4 {[%emt 0:04:00]} Bc6 {[%emt 0:00:38]} 25. Rh3 {[%emt 0:00:35]} Bd5 {[%emt 0:04:00]} 26. Rc2 {[%emt 0:00:41]} Rxg2+ {[%emt 0:04:25]} 27. Kxg2 {[%emt 0:00:08]} Ng5+ {[%emt 0:00:06]} 28. Kf1 {[%emt 0:00:05]} Nxh3 {[%emt 0:00:06]} 29. Nc3 {[%emt 0:00:04]} Bxb3 {[%emt 0:02:54]} 30. axb3 {[%emt 0:00:09]} Ke7 {[%emt 0:00:15]} 31. Ne4 {[%emt 0:06:45]} Rf8+ {[%emt 0:03:38]} 32. Ke2 {[%emt 0:00:40]} Nf4+ {[%emt 0:01:40]} 33. Bxf4 {[%emt 0:00:57]} Rxf4 {[%emt 0:01:37]} 34. Ke3 {[%emt 0:00:32]} Rh4 {[%emt 0:00:30]} 35. Rg2 {[%emt 0:04:16]} Be5 36. Rg8 {[%emt 0:00:49]} Rh3+ {[%emt 0:02:34] Kd4} 0-1

[Event "XIV American Continental-ch 2019"]
[Site "Sao Paulo"]
[Date "2019.07.13"]
[Round "10.15"]
[White "Guimaraes, Diogo Duarte"]
[Black "Roselli Mailhe, Bernardo"]
[Result "0-1"]
[WhiteElo "2307"]
[BlackElo "2471"]
[Annotator "TA"]
[PlyCount "98"]
[EventDate "2019.07.05"]
[EventType "swiss"]
[EventCountry "BRA"]
[SourceTitle "playchess.com"]
[Source "ChessBase"]
[SourceQuality "1"]

{[%evp 11,98,-30,-30,-30,-27,-31,-28,-45,-33,-37,-40,-50,-27,-25,-28,-21,-44,-27,-22,-35,-29,-20,-11,-11,-11,-29,-11,-14,-18,-15,-8,-10,-8,-20,-17,-35,-35,-47,-43,-54,-47,-67,-35,-51,-39,-50,-47,-71,-74,-99,-74,-217,-219,-221,-215,-267,-258,-385,-213,-315,-308,-308,-270,-364,-350,-785,-354,-982,-983,-888,-804,-1103,-1059,-925,-890,-1512,-1348,-1129,-1041,-2859,-2033,-2903,-3111,-2865,-2808,-4602,-4379,-29986,-29987]} 1. e4 e6 2. d4 d5 3. Nd2 c5 4. Ngf3 Nc6 5. Bb5 a6 6. exd5 axb5 7. dxc6 {C07: French Tarrasch: 3...c5, 4 Ngf3 and 4 exd5 Qxd5} bxc6 8. dxc5 Bxc5 9. Ne4 {Black has an edge.} (9. O-O Nf6 10. b3 Bd4 11. Nxd4 Qxd4 12. Qf3 O-O 13. c3 Qd5 14. Qxd5 cxd5 {½-½ (75) Yu,Y (2751)-Rapport,R (2726) Shenzhen 2019}) 9... Qxd1+ 10. Kxd1 Be7 11. Bf4 $146 ({Predecessor:} 11. Be3 Nf6 12. Nfd2 Nxe4 13. Nxe4 f5 14. Nd2 e5 {½-½ (38) Oleksienko,M (2530)-Mihajlovskij,S (2445) Saratov 2006}) 11... Nf6 12. Nd6+ $1 Bxd6 13. Bxd6 Ne4 14. Bg3 $1 c5 15. Nd2 Nxg3 16. hxg3 Bb7 17. f3 Ke7 18. Ke2 h6 19. a3 Rhc8 20. Ke3 Bd5 21. Ne4 f5 22. Nc3 Bc6 23. b3 Rc7 24. Ra2 e5 $36 {[%mdl 2048] Black has good play.} 25. a4 b4 26. Ne2 Bd5 27. Rd1 Ke6 28. Rb2 c4 {[%cal Bc5c4,Bc4c3][%mdl 32]} 29. Rdb1 c3 30. Ra2 Rd7 {...Bc6 is the strong threat.} 31. Raa1 (31. Nc1 $17 {might work better.}) 31... Bb7 $19 32. Rd1 {With the idea Rxd7.} Rad8 $1 33. Rxd7 Rxd7 {[%mdl 4096] Endgame KRB-KRN} 34. Nc1 (34. a5 $142 Ba6 35. Re1) 34... Ba6 (34... Rd1 $142 {Threatens to win with ...Rf1.} 35. f4 e4) 35. Nd3 (35. Na2 {was the only chance.} Rd4 36. Kf2) 35... Bxd3 36. cxd3 {[#] KR-KR} Kd5 $1 37. a5 {[#]} f4+ $1 {[%mdl 512]} 38. Ke2 $2 (38. gxf4 exf4+ 39. Kf2) 38... Ra7 (38... fxg3 $142 39. Ra2 Ra7) 39. a6 $2 (39. gxf4 exf4 40. a6) 39... fxg3 40. Ra5+ Kc6 41. Rxe5 Rxa6 42. Re6+ Kb7 43. Re4 Ra2+ 44. Ke3 Rxg2 45. Rxb4+ Ka6 46. Rc4 c2 47. Kf4 {[#]} h5 $1 {[%cal Rh5h4]} 48. d4 {[#]} g5+ $1 {[%mdl 576] Promotion} 49. Kxg5 Rd2 {Accuracy: White = 29%, Black = 66%.} 0-1

[Event "XIV American Continental-ch 2019"]
[Site "Sao Paulo"]
[Date "2019.07.13"]
[Round "10.16"]
[White "Molina, Roberto Junio Brito"]
[Black "Fernandez Reyes, Lisandro"]
[Result "1/2-1/2"]
[WhiteElo "2464"]
[BlackElo "2378"]
[Annotator "TA"]
[PlyCount "284"]
[EventDate "2019.07.05"]
[EventType "swiss"]
[EventCountry "BRA"]
[SourceTitle "playchess.com"]
[Source "ChessBase"]
[SourceQuality "1"]

{[%evp 13,284,71,114,113,122,91,168,126,129,108,137,97,112,29,120,122,120,101,120,103,172,166,180,155,197,103,94,89,141,154,154,155,214,220,213,218,214,211,379,157,156,116,146,152,208,118,155,147,150,166,155,134,137,136,130,140,158,152,152,76,120,79,166,160,146,124,135,127,220,219,215,203,440,400,361,347,304,193,173,169,171,170,170,170,170,170,193,177,186,160,158,152,187,171,172,171,171,172,158,149,146,146,169,154,160,122,128,119,143,143,188,176,172,162,195,167,204,184,218,216,224,241,255,255,273,0,210,213,506,265,255,255,245,216,643,643,584,444,444,255,455,289,357,224,343,151,184,65,65,66,66,58,64,66,58,0,66,66,66,66,90,58,104,107,106,58,114,107,151,86,364,58,58,58,58,58,364,56,56,8,8,8,8,8,8,8,8,0,0,0,0,0,0,0,0,0,0,0,0,0,0,0,0,0,0,0,8,0,8,0,0,0,0,0,0,0,0,0,0,0,0,0,0,0,0,0,0,0,0,0,8,0,0,0,0,0,7,0,8,8,8,8,8,8,8,8,8,8,8,0,0,0,0,0,0,0,0,0,0,0,0,0,0,0,8,0,0,0,0,0,0,0,0]} 1. e4 c6 2. d4 g6 3. Nc3 Bg7 4. Be3 d5 5. Qd2 Nf6 6. e5 Ng4 7. Bf4 h5 8. h3 {B15: Caro-Kann: 3 Nc3: 3...g6 and 3...dxe4 4 Nxe4 Nf6 5 Nxf6+ exf6} Nh6 9. g4 Be6 $146 (9... c5 $16 {keeps fighting.}) ({Predecessor:} 9... Ng8 10. gxh5 Rxh5 11. Nge2 Rh8 12. Nd1 Na6 13. Ne3 Qb6 14. c4 dxc4 15. Nxc4 Qd8 {½-½ (41) Jesic,D (2357)-Ivanovic,D (2360) Kragujevac 2013}) 10. O-O-O {White is clearly better.} Nd7 11. f3 b5 12. Bd3 Qa5 13. Nge2 (13. a3 $16) 13... Nb6 (13... b4 $11) 14. a3 $16 Nc4 15. Bxc4 bxc4 16. Rdg1 Ng8 (16... Bf8 $16) 17. Be3 h4 18. f4 Bf8 19. Rf1 (19. f5 $1 $18 {[%cal Rf5e6]} gxf5 20. g5) 19... f5 20. exf6 Nxf6 (20... exf6 $142 21. f5 gxf5) 21. f5 gxf5 22. Nf4 Bd7 (22... Bf7 $16) 23. Ng6 $1 $18 {[%cal Rg6h8]} Rg8 24. gxf5 O-O-O 25. Bh6 ({Don't do} 25. Nxh4 Kb7) 25... Bxh6 $2 (25... Ne4 26. Nxe4 Qxd2+ 27. Nxd2 Bxh6) 26. Qxh6 (26. Nxe7+ $18 Kb7 27. Qxh6 {[%mdl 64] Double Attack}) 26... Rde8 $16 27. Qxh4 Rg7 28. Rhg1 Rh7 (28... Qd8 $16 29. Qf4 Rh7) 29. Qg3 (29. Nxe7+ $1 $18 Rexe7 30. Qxf6) 29... Qc7 30. Qe3 Qd6 31. h4 Kb7 32. Rf2 Rh5 33. Rg5 Rxg5 34. Qxg5 c5 35. dxc5 Qxc5 36. Qf4 (36. Re2 $142) 36... d4 37. Ne4 Qd5 (37... Qa5 $16 38. Re2 Qd5) 38. Ng5 $1 $18 c3 39. Qf3 cxb2+ 40. Kxb2 Ka6 (40... Qxf3 $16 41. Nxf3 (41. Rxf3 Kc7 $16) 41... Bxf5) 41. Qxd5 Nxd5 42. Kc1 Ne3 $2 {[#]} (42... Kb6 {was worth a try.} 43. Ne5 Bc8) 43. Nxe7 $1 {[%mdl 512]} Ng4 (43... Rxe7 44. f6) 44. Rf4 Rxe7 45. Rxg4 Bxf5 46. Rxd4 {[%mdl 4096] Endgame KRB-KRN} Re2 47. Rd2 Re1+ 48. Kb2 Rh1 49. Rf2 Bg4 50. Rf4 Bd1 51. Rd4 Kb6 52. Ne6 Re1 53. Nf4 Rh1 54. Nd3 {Threatens to win with Nf2.} Rh2 55. Nb4 Bh5 56. Kc3 a5 57. Nd5+ Kc5 58. Ne3 Bf7 59. Ra4 Rh3 60. Kd2 Rh2+ 61. Kd3 Bg6+ 62. Kc3 Kb5 63. Rg4 Bh7 64. a4+ Kc5 65. Rg5+ Kb6 66. Nc4+ {[%mdl 64] Double Attack} Ka6 67. Rxa5+ Kb7 68. Rb5+ Ka7 69. Ra5+ Kb7 70. Rh5 Bxc2 $2 (70... Rxc2+ 71. Kb3 Bd3) 71. a5 Bd1 72. Rh6 Be2 73. Nd6+ Ka6 $2 {[#]} (73... Kb8 74. Nf5 Kc7) 74. Kb4 $1 Ka7 75. Rh7+ Ka8 76. Kc5 (76. Rh8+ $142 Ka7 77. Nf5) 76... Bf1 $2 (76... Bd3 77. Rh8+ Ka7) 77. h5 Bd3 78. Rh8+ Ka7 79. h6 (79. Rh6 $18) 79... Rh5+ $16 {[#]} 80. Kb4 ({White should play} 80. Kc6 $1 $18) 80... Rh4+ $14 81. Kc3 Bg6 82. Kb3 {Kc3 is the strong threat.} Bb1 83. Kb2 Bd3 84. Kc3 Bg6 85. Nc4 {Hoping for Ne5.} Bb1 86. Ne5 {Strongly threatening Nc4.} Be4 87. Nf7 Bb1 88. Kd2 Rh5 89. Nd8 Be4 (89... Ka6 $14) 90. Ke3 $16 Rh4 91. Re8 (91. Nf7 $142) 91... Bf5 $2 {[%mdl 8192]} (91... Bd5 $16) 92. Rf8 $2 (92. Nc6+ $18 Kb7 93. Nd4 Rh3+ 94. Kf4) 92... Bg6 $14 93. Rf6 Rxh6 94. Kf4 Ka8 $2 {[%mdl 8192]} ({Better is} 94... Rh4+ $14 95. Kg5 {[%mdl 64] Double Attack} Rh8) 95. Ra6+ $2 (95. Nc6 $18) 95... Kb8 96. Kg5 {[%mdl 64] Double Attack} Rh8 {The position is equal.} 97. Nc6+ Kb7 $1 98. Rb6+ Kc7 99. Kxg6 $11 {KRN-KR} Ra8 100. Ne7 {And now Nd5+ would win.} Rxa5 101. Re6 Kb7 102. Kf7 Ra1 103. Nd5 Rd1 104. Rb6+ Ka7 105. Rd6 Re1 106. Ne7 Kb7 107. Ke8 Kc7 108. Rc6+ Kb7 109. Rc3 Kb6 110. Kd7 Rd1+ 111. Ke6 Kb5 112. Nd5 $1 Rh1 113. Ke5 Rh5+ 114. Ke4 Rh4+ 115. Kd3 $1 Rh3+ 116. Ne3 Rh8 117. Rc7 Kb6 118. Rg7 Kb5 119. Kd4 Rh4+ 120. Ng4 Rh8 121. Rg5+ Kb4 122. Ne3 Rh4+ 123. Kd3 Rh3 124. Rf5 Rg3 125. Kd4 Rg8 126. Nd5+ Kb3 127. Rf3+ Kb2 128. Rf7 Rg4+ 129. Kd3 Rg3+ 130. Ne3 Kb3 131. Rb7+ Ka4 132. Kc4 {[%cal Rb7a7]} Ka5 133. Kc5 {[%cal Rb7a7]} Ka6 134. Re7 Rg1 135. Nc4 (135. Rh7 {with more complications.} Rc1+ 136. Nc4 Rg1 137. Rh3 Kb7 138. Nd6+) 135... Rg5+ 136. Ne5 Rg1 137. Rd7 (137. Nd3 {feels hotter.} Rg5+ 138. Ne5) 137... Rg5 138. Rd5 Rg1 139. Rd8 Kb7 140. Rd7+ Ka6 141. Rd2 (141. Nd3 $5 {[%cal Rd3b4]} Rg5+ 142. Kc6 $14) 141... Kb7 142. Rb2+ Kc7 {Accuracy: White = 50%, Black = 54%.} 1/2-1/2

[Event "XIV American Continental-ch 2019"]
[Site "Sao Paulo"]
[Date "2019.07.12"]
[Round "10.17"]
[White "Donoso Diaz, Sebastian"]
[Black "Escalante Ramirez, Brian Sebasti"]
[Result "0-1"]
[WhiteElo "2239"]
[BlackElo "2447"]
[Annotator "ChessBase"]
[PlyCount "68"]
[EventDate "2019.07.05"]
[EventType "swiss"]
[EventCountry "BRA"]
[SourceTitle "playchess.com"]
[Source "ChessBase"]
[SourceQuality "1"]
[TimeControl "40/5400+30:1800+30"]

1. d4 {[%emt 0:02:07]} d5 {[%emt 0:00:00]} 2. Nf3 {[%emt 0:00:18]} e6 {[%emt 0:00:07]} 3. c4 {[%emt 0:02:22]} c6 {[%emt 0:00:05]} 4. e3 {[%emt 0:01:50]} Bd6 {[%emt 0:00:08]} 5. Bd3 {[%emt 0:02:40]} f5 {[%emt 0:00:02]} 6. O-O {[%emt 0:02:52]} Nf6 {[%emt 0:00:04]} 7. b3 {[%emt 0:09:27]} Qe7 {[%emt 0:00:03]} 8. Bb2 {[%emt 0:01:41]} O-O {[%emt 0:00:10]} 9. Nbd2 {[%emt 0:01:05]} Ne4 {[%emt 0:03:23]} 10. Ne5 {[%emt 0:03:12]} b6 {[%emt 0:07:37]} 11. Rc1 {[%emt 0:16:07]} Bb7 {[%emt 0:00:25]} 12. Bb1 {[%emt 0:02:20]} c5 {[%emt 0:05:37]} 13. Ndf3 {[%emt 0:04:46]} f4 {[%emt 0:13:02]} 14. exf4 {[%emt 0:07:26]} Rxf4 {[%emt 0:02:20]} 15. Nd3 {[%emt 0:04:21]} Rf5 {[%emt 0:19:39]} 16. cxd5 {[%emt 0:06:45]} Bxd5 {[%emt 0:25:38]} 17. dxc5 {[%emt 0:03:53]} bxc5 {[%emt 0:00:19]} 18. Re1 {[%emt 0:05:52]} Nc6 {[%emt 0:01:23]} 19. Re3 {[%emt 0:11:39]} Raf8 {[%emt 0:00:30]} 20. Nde1 {[%emt 0:00:53]} Rf4 {[%emt 0:07:28]} 21. Bxe4 {[%emt 0:00:38]} Rxe4 {[%emt 0:03:56]} 22. Rxe4 {[%emt 0:00:09]} Bxe4 {[%emt 0:00:01]} 23. Rc4 {[%emt 0:01:04]} Rd8 {[%emt 0:00:52]} 24. Qc1 {[%emt 0:01:46]} Bd5 {[%emt 0:00:07]} 25. Rg4 {[%emt 0:00:45]} e5 {[%emt 0:00:03]} 26. Nd3 {[%emt 0:02:15]} Nd4 {[%emt 0:02:36]} 27. Nxd4 {[%emt 0:03:17]} cxd4 {[%emt 0:02:27]} 28. h3 {[%emt 0:01:03]} Be6 {[%emt 0:02:11]} 29. Rg5 {[%emt 0:00:36]} h6 {[%emt 0:01:00]} 30. Rg6 {[%emt 0:00:05]} Bf5 {[%emt 0:00:30]} 31. Rg3 {[%emt 0:00:31]} e4 {[%emt 0:01:40]} 32. Nf4 {[%emt 0:00:06]} Qc7 {[%emt 0:01:28]} 33. Qxc7 {[%emt 0:02:03]} Bxc7 {[%emt 0:00:01]} 34. Bc1 {[%emt 0:00:07]} d3 {[%emt 0:01:15]} 0-1

[Event "XIV American Continental-ch 2019"]
[Site "Sao Paulo"]
[Date "2019.07.12"]
[Round "10.18"]
[White "Acosta, Pablo Alejandro"]
[Black "Garcia Cardenas, Pablo"]
[Result "1/2-1/2"]
[WhiteElo "1992"]
[BlackElo "2443"]
[Annotator "ChessBase"]
[PlyCount "76"]
[EventDate "2019.07.05"]
[EventType "swiss"]
[EventCountry "BRA"]
[SourceTitle "playchess.com"]
[Source "ChessBase"]
[SourceQuality "1"]
[TimeControl "40/5400+30:1800+30"]

1. d4 {[%emt 0:00:00]} Nf6 {[%emt 0:02:14]} 2. Nf3 {[%emt 0:00:00]} d5 {[%emt 0:00:11]} 3. e3 {[%emt 0:00:00]} e6 {[%emt 0:00:51]} 4. Bd3 {[%emt 0:00:00]} c5 {[%emt 0:00:20]} 5. c3 {[%emt 0:00:21]} Qc7 {[%emt 0:00:38]} 6. Ne5 {[%emt 0:00:33]} Nc6 {[%emt 0:04:17]} 7. f4 {[%emt 0:00:09]} Bd6 {[%emt 0:07:32]} 8. O-O {[%emt 0:00:08]} O-O {[%emt 0:00:16]} 9. Nd2 {[%emt 0:02:24]} Ne7 {[%emt 0:01:22]} 10. g4 {[%emt 0:03:44]} Ne8 {[%emt 0:06:52]} 11. Rf2 {[%emt 0:00:49]} f6 {[%emt 0:01:19]} 12. Nef3 {[%emt 0:00:07]} e5 {[%emt 0:09:24]} 13. fxe5 {[%emt 0:00:36]} fxe5 {[%emt 0:00:20]} 14. dxe5 {[%emt 0:01:45]} Bxe5 {[%emt 0:00:06]} 15. e4 {[%emt 0:11:03]} Bxg4 {[%emt 0:08:27]} 16. exd5 {[%emt 0:01:41]} Nf6 {[%emt 0:00:23]} 17. Nc4 {[%emt 0:03:59]} Bxf3 {[%emt 0:18:40]} 18. Qxf3 {[%emt 0:00:27]} Nexd5 {[%emt 0:00:07]} 19. Bxh7+ {[%emt 0:02:40]} Kxh7 {[%emt 0:00:09]} 20. Qf5+ {[%emt 0:00:07]} g6 {[%emt 0:02:07]} 21. Qxe5 {[%emt 0:01:08]} Qxe5 {[%emt 0:03:10]} 22. Nxe5 {[%emt 0:00:07]} Rae8 {[%emt 0:00:27]} 23. Nf3 {[%emt 0:02:32]} Ng4 {[%emt 0:02:53]} 24. Ng5+ {[%emt 0:00:19]} Kg8 {[%emt 0:01:53]} 25. Rxf8+ {[%emt 0:00:06]} Kxf8 {[%emt 0:00:09]} 26. Nf3 {[%emt 0:03:15]} Re2 {[%emt 0:01:14]} 27. Bd2 {[%emt 0:00:36]} Nde3 {[%emt 0:04:16]} 28. Bxe3 {[%emt 0:02:23]} Rxe3 {[%emt 0:04:40]} 29. Rf1 {[%emt 0:00:19]} Kg7 {[%emt 0:00:09]} 30. h3 {[%emt 0:02:52]} Nh6 {[%emt 0:01:47]} 31. Kf2 {[%emt 0:00:25]} Nf5 {[%emt 0:00:03]} 32. Rd1 {[%emt 0:00:42]} Re7 {[%emt 0:00:04]} 33. a4 {[%emt 0:03:49]} Kf6 {[%emt 0:03:00]} 34. a5 {[%emt 0:01:16]} Rh7 {[%emt 0:00:37]} 35. Rd8 {[%emt 0:02:28]} Rc7 {[%emt 0:01:40]} 36. Nd2 {[%emt 0:02:59]} c4 {[%emt 0:02:30]} 37. Kf3 {[%emt 0:02:20]} Ke5 {[%emt 0:02:48]} 38. Kg4 {[%emt 0:04:49]} Kf6 1/2-1/2

[Event "XIV American Continental-ch 2019"]
[Site "Sao Paulo"]
[Date "2019.07.13"]
[Round "10.19"]
[White "Bittencourt, Jorge"]
[Black "Della Morte, German"]
[Result "1/2-1/2"]
[WhiteElo "2433"]
[BlackElo "2359"]
[Annotator "RC"]
[PlyCount "133"]
[EventDate "2019.07.05"]
[EventType "swiss"]
[EventCountry "BRA"]
[SourceTitle "playchess.com"]
[Source "ChessBase"]
[SourceQuality "1"]
[TimeControl "40/5400+30:1800+30"]

1. d4 {[%emt 0:00:00]} Nf6 {[%emt 0:04:34]} 2. c4 {[%emt 0:00:00]} g6 {[%emt 0:00:23]} 3. Nc3 {[%emt 0:00:00]} Bg7 {[%emt 0:00:09]} 4. e4 {[%emt 0:00:00]} d6 {[%emt 0:00:15]} 5. Be2 {[%emt 0:00:05]} O-O {[%emt 0:00:05]} 6. Be3 {[%emt 0:00:08]} e5 {[%emt 0:02:21]} 7. d5 {[%emt 0:00:52]} a5 {[%emt 0:01:55]} 8. g4 {[%emt 0:01:02]} Na6 {[%emt 0:01:20]} 9. h4 {[%emt 0:00:14]} c6 {[%emt 0:02:33]} 10. h5 {[%emt 0:01:26]} cxd5 {[%emt 0:00:29]} 11. cxd5 {[%emt 0:00:32]} Bd7 {[%emt 0:00:43]} 12. f3 {[%emt 0:00:32]} Nc5 {[%emt 0:04:51]} 13. Nh3 {[%emt 0:00:23]} a4 {[%emt 0:00:46]} 14. Nf2 {[%emt 0:00:21]} Qa5 {[%emt 0:05:38]} 15. Qd2 {[%emt 0:00:14]} Rfc8 {[%emt 0:01:13]} 16. Ncd1 {[%emt 0:35:10]} Bb5 {[%emt 0:11:01]} 17. Qxa5 {[%emt 0:09:41]} Rxa5 {[%emt 0:00:16]} 18. Rc1 {[%emt 0:02:21]} Bxe2 {[%emt 0:03:43]} 19. Kxe2 {[%emt 0:00:07]} Nfd7 {[%emt 0:04:58]} 20. Nd3 {[%emt 0:04:07]} Bf6 {[%emt 0:03:52]} 21. Bd2 {[%emt 0:08:48]} Raa8 {[%emt 0:01:08]} 22. Nxc5 {[%emt 0:03:47]} Nxc5 {[%emt 0:01:55]} 23. Ne3 {[%emt 0:04:58]} Bg5 {[%emt 0:01:59]} 24. Nc4 {[%emt 0:02:56]} Bxd2 {[%emt 0:00:09]} 25. Kxd2 {[%emt 0:00:07]} Ra6 {[%emt 0:00:21]} 26. Rc3 {[%emt 0:16:53]} f5 {[%emt 0:07:20]} 27. gxf5 gxf5 {[%emt 0:00:05]} 28. Ke3 {[%emt 0:03:06]} Kf7 {[%emt 0:03:08]} 29. Rhc1 {[%emt 0:00:32]} Kf6 {[%emt 0:00:39]} 30. Nxd6 {[%emt 0:01:20]} Rxd6 {[%emt 0:00:05]} 31. Rxc5 {[%emt 0:00:05]} Rxc5 {[%emt 0:00:18]} 32. Rxc5 {[%emt 0:00:04]} Rb6 {[%emt 0:00:53]} 33. Rc2 {[%emt 0:00:20]} Rb4 {[%emt 0:03:54]} 34. Rd2 {[%emt 0:00:59]} Ke7 {[%emt 0:03:43]} 35. Rg2 {[%emt 0:00:12]} Kf6 {[%emt 0:01:11]} 36. Rc2 {[%emt 0:02:16]} Rb6 {[%emt 0:01:38]} 37. Kd3 {[%emt 0:00:55]} fxe4+ {[%emt 0:04:10]} 38. fxe4 {[%emt 0:00:03]} Rb4 {[%emt 0:00:26]} 39. Rg2 {[%emt 0:00:48]} Rd4+ {[%emt 0:00:20]} 40. Ke3 {[%emt 0:00:07]} Rd1 {[%emt 0:01:52]} 41. Rf2+ {[%emt 0:32:57]} Ke7 {[%emt 0:30:22]} 42. Rf5 {[%emt 0:00:00]} Kd6 {[%emt 0:00:00]} 43. Rf7 {[%emt 0:00:00]} Re1+ {[%emt 0:00:00]} 44. Kd3 {[%emt 0:00:00]} Rd1+ {[%emt 0:00:00]} 45. Ke3 {[%emt 0:00:00]} Re1+ {[%emt 0:00:00]} 46. Kd3 {[%emt 0:00:00]} Rd1+ {[%emt 0:00:00]} 47. Ke2 {[%emt 0:00:00]} Rh1 {[%emt 0:00:00]} 48. Rxb7 {[%emt 0:00:00]} Rxh5 {[%emt 0:00:00]} 49. Kd3 {[%emt 0:00:00]} Rh3+ {[%emt 0:00:00]} 50. Kc4 {[%emt 0:00:00]} Rh4 {[%emt 0:00:00]} 51. Rb6+ {[%emt 0:00:00]} Kc7 {[%emt 0:00:00]} 52. Kc5 {[%emt 0:00:00]} Rxe4 {[%emt 0:00:00]} 53. Rh6 {[%emt 0:00:00]} Re2 {[%emt 0:00:00]} 54. Rxh7+ {[%emt 0:00:00]} Kc8 {[%emt 0:00:00]} 55. Ra7 {[%emt 0:02:11]} Rxb2 {[%emt 0:00:00]} 56. Rxa4 {[%emt 0:00:47]} e4 {[%emt 0:00:00]} 57. Kd6 {[%emt 0:03:20]} e3 {[%emt 0:00:00]} 58. Ra8+ {[%emt 0:00:26]} Rb8 {[%emt 0:00:00]} 59. Ra3 {[%emt 0:00:06]} Rb6+ {[%emt 0:00:00]} 60. Ke7 {[%emt 0:01:32]} Rb7+ {[%emt 0:00:00]} 61. Ke6 {[%emt 0:00:51]} e2 {[%emt 0:00:00]} 62. Re3 {[%emt 0:00:19]} Kd8 {[%emt 0:00:00]} 63. d6 {[%emt 0:00:47]} Rb2 {[%emt 0:00:00]} 64. a4 {[%emt 0:00:23]} Ra2 {[%emt 0:00:00]} 65. a5 {[%emt 0:00:24]} Rxa5 {[%emt 0:00:00]} 66. Rxe2 {[%emt 0:00:06]} Ra1 {[%emt 0:00:00]} 67. Re5 {[%emt 0:00:33]} 1/2-1/2

[Event "XIV American Continental-ch 2019"]
[Site "Sao Paulo"]
[Date "2019.07.12"]
[Round "10.20"]
[White "Languidey, Simon Alejandro"]
[Black "Santos, Marcus Vinicius More"]
[Result "0-1"]
[WhiteElo "2427"]
[BlackElo "2354"]
[Annotator "ChessBase"]
[PlyCount "100"]
[EventDate "2019.07.05"]
[EventType "swiss"]
[EventCountry "BRA"]
[SourceTitle "playchess.com"]
[Source "ChessBase"]
[SourceQuality "1"]
[TimeControl "40/5400+30:1800+30"]

1. Nf3 {[%emt 0:01:58]} g6 {[%emt 0:00:00]} 2. d4 {[%emt 0:00:20]} Bg7 {[%emt 0:00:00]} 3. Bf4 {[%emt 0:00:45]} d6 {[%emt 0:01:00]} 4. e3 {[%emt 0:00:36]} Nf6 {[%emt 0:00:23]} 5. Be2 {[%emt 0:03:17]} O-O {[%emt 0:00:20]} 6. h3 {[%emt 0:00:27]} c5 {[%emt 0:00:20]} 7. O-O {[%emt 0:00:54]} Nc6 {[%emt 0:01:51]} 8. c3 {[%emt 0:00:39]} cxd4 {[%emt 0:01:39]} 9. exd4 {[%emt 0:01:53]} Be6 {[%emt 0:00:20]} 10. Nbd2 {[%emt 0:01:19]} Qb6 {[%emt 0:00:40]} 11. Qc1 {[%emt 0:06:49]} Rac8 {[%emt 0:00:35]} 12. Qb1 {[%emt 0:08:49]} Bf5 {[%emt 0:08:18]} 13. Nc4 {[%emt 0:01:07]} Qc7 {[%emt 0:00:43]} 14. Qd1 {[%emt 0:02:13]} Nd5 {[%emt 0:03:40]} 15. Bg3 {[%emt 0:04:59]} Bh6 {[%emt 0:01:20]} 16. Re1 {[%emt 0:02:07]} b5 {[%emt 0:10:07]} 17. Ncd2 {[%emt 0:01:01]} b4 {[%emt 0:00:26]} 18. c4 {[%emt 0:07:59]} Nc3 {[%emt 0:02:56]} 19. bxc3 {[%emt 0:00:37]} bxc3 {[%emt 0:00:07]} 20. d5 {[%emt 0:00:12]} cxd2 {[%emt 0:03:29]} 21. Nxd2 {[%emt 0:00:28]} Nd4 {[%emt 0:01:30]} 22. Rc1 {[%emt 0:11:02]} Qa5 {[%emt 0:01:35]} 23. Nb3 {[%emt 0:00:15]} Nxb3 {[%emt 0:03:39]} 24. axb3 {[%emt 0:00:08]} Bxc1 {[%emt 0:01:48]} 25. Qxc1 {[%emt 0:00:05]} Rb8 {[%emt 0:01:38]} 26. Bg4 {[%emt 0:01:17]} Bxg4 {[%emt 0:04:54]} 27. hxg4 {[%emt 0:00:08]} Rxb3 {[%emt 0:05:55]} 28. Rxe7 {[%emt 0:01:36]} Rxg3 {[%emt 0:11:41]} 29. fxg3 {[%emt 0:00:12]} Qc5+ {[%emt 0:00:06]} 30. Kh2 {[%emt 0:00:23]} a5 {[%emt 0:00:32]} 31. Rb7 {[%emt 0:02:53]} a4 {[%emt 0:03:16]} 32. Rb5 {[%emt 0:04:11]} Qd4 {[%emt 0:02:47]} 33. Ra5 {[%emt 0:03:01]} Qxg4 {[%emt 0:04:36]} 34. Rxa4 {[%emt 0:00:49]} Qh5+ {[%emt 0:01:30]} 35. Kg1 {[%emt 0:00:14]} Rb8 {[%emt 0:02:47]} 36. Qa1 {[%emt 0:06:48]} Qg5 {[%emt 0:06:31]} 37. Ra8 {[%emt 0:04:28]} Rxa8 {[%emt 0:01:18]} 38. Qxa8+ {[%emt 0:00:12]} Kg7 {[%emt 0:00:03]} 39. Kh2 {[%emt 0:00:49]} Qh6+ {[%emt 0:00:23]} 40. Kg1 {[%emt 0:00:10]} Qc1+ {[%emt 0:00:34]} 41. Kh2 {[%emt 0:30:23]} Qxc4 {[%emt 0:31:02]} 42. Qc6 {[%emt 0:01:58]} Qb4 {[%emt 0:01:03]} 43. Qd7 {[%emt 0:01:05]} h5 {[%emt 0:00:59]} 44. Qe7 {[%emt 0:00:27]} Qc5 {[%emt 0:02:09]} 45. Qe4 {[%emt 0:00:15]} Qc3 {[%emt 0:00:27]} 46. Qf4 {[%emt 0:01:55]} Qe5 {[%emt 0:01:19]} 47. Qc4 {[%emt 0:00:09]} g5 {[%emt 0:05:27]} 48. Kh3 {[%emt 0:01:48]} Kf6 {[%emt 0:02:43]} 49. Qb3 {[%emt 0:03:13]} g4+ {[%emt 0:00:18]} 50. Kh2 {[%emt 0:00:42]} h4 {[%emt 0:00:18]} 0-1